000 00349nam a22001577a 4500
003 SGT
020 _a818627024-8
082 _a615.1
_bMUT
100 _aMUTHUPRASANNA, P.
245 _aPHARMACEUTICAL TECHNOLOGY
250 _a3RD
260 _aINDIA
_bBIRLA PUB.
_c2026
300 _a220
650 _aPHARMACEUTICAL TECHNOLOGY
942 _2ddc
_cBK
999 _c32948
_d32948